Online Public Access Catalogue

Myles textbook for midwives. (Record no. 13537)

MARC details
000 -LEADER
fixed length control field 00873cam a2200253 i 4500
020 ## - INTERNATIONAL STANDARD BOOK NUMBER
International Standard Book Number 9780702051456 (pbk)
020 ## - INTERNATIONAL STANDARD BOOK NUMBER
International Standard Book Number 9780702051463 (international)
042 ## - AUTHENTICATION CODE
Authentication code pcc
082 00 - DEWEY DECIMAL CLASSIFICATION NUMBER
Classification number 618.2
Author Mark MAR
100 ## - MAIN ENTRY--PERSONAL NAME
Author Name Marshall Jayne , Raynor Maureen
245 10 - TITLE STATEMENT
Title Myles textbook for midwives.
250 ## - EDITION STATEMENT
Edition statement Sixteenth edition /
264 #1 - PRODUCTION, PUBLICATION, DISTRIBUTION, MANUFACTURE, AND COPYRIGHT NOTICE
Place of production, publication, distribution, manufacture Edinburgh ;
-- New York :
Name of producer, publisher, distributor, manufacturer Saunders/Elsevier,
Date of production, publication, distribution, manufacture, or copyright notice 2014.
300 ## - PHYSICAL DESCRIPTION
No of Pages xvii, 780 pages :
illustrations illustrations (some color) ;
Dimensions 26 cm
336 ## - CONTENT TYPE
Content type term text
Content type code txt
Source rdacontent
337 ## - MEDIA TYPE
Media type term unmediated
Media type code n
Source rdamedia
338 ## - CARRIER TYPE
Carrier type term volume
Carrier type code nc
Source rdacarrier
500 ## - GENERAL NOTE
General note Revision of: Textbook for midwives.
500 ## - GENERAL NOTE
General note Includes bibliographical references and index.
650 #0 - SUBJECT ADDED ENTRY--TOPICAL TERM
Subject Midwifery.
906 ## - LOCAL DATA ELEMENT F, LDF (RLIN)
a 7
b cbc
c origcop
d 2
e ncip
f 20
g y-gencatlg
-- imdc inc
942 ## - ADDED ENTRY ELEMENTS (KOHA)
Source of classification or shelving scheme
Koha item type Books
952 ## - LOCATION AND ITEM INFORMATION (KOHA)
-- 2024-11-01
952 ## - LOCATION AND ITEM INFORMATION (KOHA)
-- 2024-11-01
952 ## - LOCATION AND ITEM INFORMATION (KOHA)
-- 2024-11-01
952 ## - LOCATION AND ITEM INFORMATION (KOHA)
-- 2024-11-01
952 ## - LOCATION AND ITEM INFORMATION (KOHA)
-- 2024-11-01
952 ## - LOCATION AND ITEM INFORMATION (KOHA)
-- 2024-11-01
952 ## - LOCATION AND ITEM INFORMATION (KOHA)
-- 2024-11-01
952 ## - LOCATION AND ITEM INFORMATION (KOHA)
-- 2024-11-01
952 ## - LOCATION AND ITEM INFORMATION (KOHA)
-- 2024-11-01
952 ## - LOCATION AND ITEM INFORMATION (KOHA)
-- 2024-11-01
Holdings
Item status Collection Code Home library Current library Shelving location Date acquired Total Checkouts Full call number Barcode Date last seen Koha item type
  Nursing Islamabad Medical and Dental College Islamabad Medical and Dental College Islamabad Medical and Dental College 01/11/2024   618.2 MAR 11600 01/11/2024 Books
  Nursing Islamabad Medical and Dental College Islamabad Medical and Dental College Islamabad Medical and Dental College 01/11/2024   618.2 MAR 11601 01/11/2024 Books
  Nursing Islamabad Medical and Dental College Islamabad Medical and Dental College Islamabad Medical and Dental College 01/11/2024   618.2 MAR 11602 01/11/2024 Books
  Nursing Islamabad Medical and Dental College Islamabad Medical and Dental College Islamabad Medical and Dental College 01/11/2024   618.2 MAR 11603 01/11/2024 Books
  Nursing Islamabad Medical and Dental College Islamabad Medical and Dental College Islamabad Medical and Dental College 01/11/2024   618.2 MAR 11604 01/11/2024 Books
  Nursing Islamabad Medical and Dental College Islamabad Medical and Dental College Islamabad Medical and Dental College 01/11/2024   618.2 MAR 11605 01/11/2024 Books
  Nursing Islamabad Medical and Dental College Islamabad Medical and Dental College Islamabad Medical and Dental College 01/11/2024   618.2 MAR 11606 01/11/2024 Books
  Nursing Islamabad Medical and Dental College Islamabad Medical and Dental College Islamabad Medical and Dental College 01/11/2024   618.2 MAR 11607 01/11/2024 Books
  Nursing Islamabad Medical and Dental College Islamabad Medical and Dental College Islamabad Medical and Dental College 01/11/2024   618.2 MAR 11608 01/11/2024 Books
  Nursing Islamabad Medical and Dental College Islamabad Medical and Dental College Islamabad Medical and Dental College 01/11/2024   618.2 MAR 11609 01/11/2024 Books

Copyright @ IMDC Library
Islamabad Medical and Dental College
Bhara Kahu, Islamabad

  Contact the Librarian, IMDC
  Email:: library@imdcollege.edu.pk

  OPAC Customized by
  Mazhar Hussain,
  Librarian:
  Islamabad Medical and Dental College
  Email:: library@imdcollege.edu.pk